00549 2200169 4500245005000000020001800050250001100068100001900079700001600098005001900114260003200133041001400165084001000179300002200189500015900211336000900370 aSabda - Sabda Sang NabicGibran, KahlilhText a979-99112-0-7 aCet. 2 aGibran, Kahlil aAE. Cahyono a20231012092834 aJakartabDiadit Mediac2005 aIndonesia a892.3 a94 hlm. :c18 cm. a"Cinta takkan memberikan apa-apa pada kalian,kecuali keseluruhan dirinya,Dan ia pun tidak akan mengambil apa-apa dari kalian,kecuali dari dirinya sendiri" atext